000
00294nam a22001217a 4500
040
_c
Nust
082
_a
621.381
_b
ELE'C
245
_a
Electronics Projects
250
_a
Vol - 11
260
_a
New Delhi:
_b
EFY Enterprises,
_c
1995.
650
_a
Electronics Projects
_9
127266
942
_2
ddc
_c
BK
999
_c
612459
_d
612459